000 00724nam a22002777a 4500
001 BR9801846
003 BR-BrBNA
005 20230928095909.0
007 ta
008 230509b bl.||||| |||| 00| 0 por d
040 _aBR-BrBNA
_bpor
_cBiblioteca Nacional de Agricultura
041 _a(Por)
072 _aF01
_b1122
090 _ 1122 BR9801846
100 1 _aDantas, I.P.
245 1 _aCultivo do mamao; um manejo pratico que vem dando certo
260 3 _aJoao Pessoa, PB (Brasil):
_c1998.
300 _a25 p.
500 _aSummary (Por)
650 _aMamao
650 _aPratica Cultural
650 _aDoenca de Planta
650 _aPraga de Planta
909 _a202309
_bLucia
_c55
_dLucia Elande
942 _cBK
999 _c59281
_d59281